Structure and assembly : (Record no. 114779)
[ view plain ]
| 000 -LEADER | |
|---|---|
| fixed length control field | 00860cas a2200265I 4500 |
| 008 - FIXED-LENGTH DATA ELEMENTS--GENERAL INFORMATION | |
| fixed length control field | |
| 020 ## - INTERNATIONAL STANDARD BOOK NUMBER | |
| International Standard Book Number | 0306401371 (hbk.) |
| 049 ## - LOCAL HOLDINGS (OCLC) | |
| Holding library | MAIN |
| 090 ## - LOCALLY ASSIGNED LC-TYPE CALL NUMBER (OCLC); LOCAL CALL NUMBER (RLIN) | |
| Classification number (OCLC) (R) ; Classification number, CALL (RLIN) (NR) | QR357 |
| Local cutter number (OCLC) ; Book number/undivided call number, CALL (RLIN) | FRA |
| 003 - CONTROL NUMBER IDENTIFIER | |
| control field | |
| 005 - DATE AND TIME OF LATEST TRANSACTION | |
| control field | 20230120203952.0 |
| 040 ## - CATALOGING SOURCE | |
| Transcribing agency | NUST |
| 245 00 - TITLE STATEMENT | |
| Title | Structure and assembly : |
| Remainder of title | primary, secondary, tertiary, and quarternary structures / |
| Statement of responsibility, etc. | Fraenkel Heinz- Conrat. |
| 260 ## - PUBLICATION, DISTRIBUTION, ETC. | |
| Place of publication, distribution, etc. | New York, N.Y. : |
| Name of publisher, distributor, etc. | Plenum Press, |
| Date of publication, distribution, etc. | 1979. |
| 300 ## - PHYSICAL DESCRIPTION | |
| Extent | xix, 652p. : |
| Other physical details | ill. ; |
| Dimensions | 26 cm. |
| 440 ## - SERIES STATEMENT/ADDED ENTRY--TITLE | |
| Title | Comprehensive virology series. |
| 500 ## - GENERAL NOTE | |
| General note | Includes index. |
| 504 ## - BIBLIOGRAPHY, ETC. NOTE | |
| Bibliography, etc. note | Includes bibliographical references. |
| 650 #2 - SUBJECT ADDED ENTRY--TOPICAL TERM | |
| Topical term or geographic name entry element | Virology |
| Form subdivision | serial. |
| 650 #0 - SUBJECT ADDED ENTRY--TOPICAL TERM | |
| Topical term or geographic name entry element | Virology; structure and assembly. |
| 700 ## - ADDED ENTRY--PERSONAL NAME | |
| Personal name | Fraenkel-Conrat, Heinz. |
| 700 1# - ADDED ENTRY--PERSONAL NAME | |
| Personal name | Wagner, Robert R. |
| 907 ## - LOCAL DATA ELEMENT G, LDG (RLIN) | |
| a | .b10249072 |
| b | 04-10-12 |
| c | 09-08-07 |
| 942 ## - ADDED ENTRY ELEMENTS (KOHA) | |
| Koha item type | Ordinary Loan Books |
| Call number prefix | QR357 |
| Call number suffix | FRA |
| Date last seen | Total Checkouts | Full call number | Barcode | Cost, replacement price | Price effective from | Koha item type | Lost status | Source of classification or shelving scheme | Damaged status | Not for loan | Collection | Withdrawn status | Home library | Current library | Shelving location | Date acquired | Cost, normal purchase price |
|---|---|---|---|---|---|---|---|---|---|---|---|---|---|---|---|---|---|
| 01/20/2023 | QR357 STR | 92004006803 | 80.00 | 01/20/2023 | BOOKS | LCC | NFIC | MEDICAL | MEDICAL | GEN | 01/20/2023 | 80.00 |